Szczegóły MARC21

Zeszyty Naukowe. Prawo /

001 -Numer kontrolny rekordu [,]
    • @
    • pole kontrolne
    • bb95102562
005 -Data i czas ostatniej zmiany [,]
    • @
    • Data ostatniej zmiany
    • 20260413131503.0
022 -Międzynarodowy Znormalizowany Numer Wydawnictwa Ciągłego - ISSN [ , ]
    • a
    • International Standard Serial Number
    • 1234-4303
035 -Inne numery kontrolne [ , ]
    • a
    • Numer kontrolny
    • (OCoLC)1423988782
040 -Instytucja sporządzająca opis [ , ]
    • a
    • Instytucja, która sporządziła opis (NP)
    • GD U/KK
    • c
    • Instytucja, która sporządziła rekord (NP)
    • GD U /KK
    • d
    • Instytucja, która zmodyfikowała rekord (P)
    • GD U/IK
    • d
    • Instytucja, która zmodyfikowała rekord (P)
    • GD U/MR
    • d
    • Instytucja, która zmodyfikowała rekord (P)
    • LUBL U/AW
    • d
    • Instytucja, która zmodyfikowała rekord (P)
    • WA U/EZ
041 -Język dokumentu [0, ]
    • a
    • Język tekstu (P)
    • polski
    • a
    • Język tekstu (P)
    • niemiecki
942 -Rodzaj dokumentu [ , ]
    • c
    • Rodzaj dokumentu
    • Wydaw. ciągłe w tym czasopisma
998 -Inne dane NUKAT [ , ]
    • a
    • Numer systemowy
    • vtls000030613
210 -Skrót tytułu [1, ]
    • a
    • Skrót tytułu
    • Zesz. Nauk. - Uniw. Gdań., Prawo
222 -Tytuł kluczowy [ ,0]
    • a
    • Tytuł kluczowy
    • Zeszyty Naukowe - Uniwersytet Gdański. Prawo
245 -Strefa tytułu i oznaczenia odpowiedzialności [0,0]
    • a
    • Tytuł
    • Zeszyty Naukowe.
    • p
    • Nazwa części (P)
    • Prawo /
    • c
    • Pozostałe elementy strefy tytułu i oznaczenia odpowiedzialności (NP)
    • Uniwersytet Gdański.
246 -Wariant tytułu [1,8]
    • a
    • Tytuł (NP)
    • Prawo
260 -Strefa adresu wydawniczego [ , ]
    • a
    • Miejsce wydania (P)
    • Gdańsk :
    • b
    • Nazwa wydawcy (P)
    • UG,
    • c
    • Data wydania (P)
    • 1993.
300 -Strefa opisu fizycznego [ , ]
    • c
    • Format (NP)
    • 24 cm.
336 -Typ zawartości [ , ]
    • a
    • Termin opisujący typ zawartości
    • Tekst
    • b
    • Typ/rodzaj nośnika
    • txt
    • 2
    • Źródło (termin i kod)
    • rdacontent
337 -Typ mediów [ , ]
    • a
    • Tryb odtwarzania
    • Bez urządzenia pośredniczącego
    • b
    • Kod typu mediów
    • n
    • 2
    • Źródło (termin i kod)
    • rdamedia
338 -Typ/rodzaj nośnika [ , ]
    • a
    • Hasło opisujące typ nośnika
    • Wolumin
    • b
    • Kod typu nośnika
    • nc
    • 2
    • Źródło (termin i kod)
    • rdacarrier
362 -Strefa numeracji [0, ]
    • a
    • Strefa numeracji
    • 16 (1993).
546 -Uwaga dot. języka [ , ]
    • a
    • Uwaga dot. języka
    • Tekst pol., niem.
650 -Hasło przedmiotowe - nazwa pospolita [ ,7]
    • a
    • Hasło przedmiotowe
    • Prawo
655 -INDEX TERM--GENRE/FORM [ ,7]
    • a
    • Genre/form data or focus term
    • Czasopismo naukowe
655 -INDEX TERM--GENRE/FORM [ ,7]
    • a
    • Genre/form data or focus term
    • Czasopismo polskie
710 -Hasło dodatkowe - nazwa ciała zbiorowego [2, ]
    • a
    • Nazwa ciała zbiorowego lub nazwa geograficzna jako pierwszy element (NP)
    • Uniwersytet Gdański.
780 -Tytuł poprzedni wydawnictwa [0,0]
    • t
    • Title
    • Zeszyty Naukowe Wydziału Prawa i Administracji. Prawo
    • g
    • Relationship information
    • 1 (1972)-15 (1987)
    • x
    • International Standard Serial Number
    • 0208-4910
    • w
    • Record control number
    • (NUKAT)bb95102544
785 -Tytuł następny wydawnictwa [0,2]
    • t
    • Title
    • Gdańskie Studia Prawnicze
    • g
    • Relationship information
    • T. 1 (1997)-
    • x
    • International Standard Serial Number
    • 1734-5669
    • w
    • Record control number
    • (NUKAT)gg98602058
952 -Egzemplarz [ , ]
    • a
    • Numer inwentarzowy
    • SAc.3205
    • c
    • Sygnatura
    • SAc.1000
    • d
    • Lokalizacja
    • BSA Biblioteka Wydziału Prawa i Administracji im. prof. Stanisława Czepity
    • i
    • Nr tomu wydaw.cg
    • 16 (1993)
    • p
    • Kod kreskowy
    • 2004800032054
    • r
    • Cena
    • 3.00
    • y
    • Status udostępniania
    • Tylko na miejscu
Uwagi dla czytelnika
s.153